000 00677nam a2200229Ia 4500
005 20260429112148.0
008 260429s9999||||xx |||||||||||||| ||und||
020 _a9781009424950
041 _aEnglish
082 _a294.3372
_bSUR
100 _aSurendran, Gitanjali
245 0 _aDemocracy's dhamma :
_bBuddhism in the making of modern India, c. 1890-1956 /
_cGitanjali Surendran
250 _a1st ed.
260 _aUnited Kingdom :
_bCambridge University Press,
_c2024.
300 _axviii, 348 p.; hb
440 _aSouth asian intellectual history
650 _a Democracy
650 _a Dhamma
650 _aBuddhism
700 _aAhmed, Asad Q.
942 _cTB
999 _c52673
_d52673